000 00634nam a2200229 i 4500
001 C2-0298151
003 PPAK
005 20180728080304.0
008 090527s2001 ii |||| ||||| | tam d
040 _aPPAK
_beng
_cPPAK
_erda
082 0 4 _a894.8113
_223
090 0 0 _a894.8113
_bTHA
_dK
100 0 _aThangamani,
_eauthor
245 1 0 _aSiruvarkalukkana neethi kathaikal
264 1 _aChennai, India :
_bKumaran Pathippagam ,
_c2001
300 _a112 pages ;
_c18 cm
336 _2rdacontent
_atext
337 _2rdamedia
_aunmediated
338 _2rdacarrier
_avolume
650 1 0 _aChildren's stories, Tamil
942 _ddc
_cB
999 _c102495
_d102495